Perony na stacji Poznań Główny – Quiz na mapie - Statystyki

Ogólne statystyki
  • Ten quiz został rozwiązany 173 razy
  • Średni wynik to 7 z 11
Odpowiedzi na mapie
Odpowiedzi zakodowano w zielono-czerwonej skali na mapie do tego quizu, zgodnie z poniższymi procentami.
 
Statystyki odpowiedzi
Odpowiedź % Poprawnych
1
75%
4
68%
2
67%
10
64%
6
63%
3
60%
9
58%
11
55%
8
53%
5
52%
7
49%
Nie znaleziono quizów pasujących do podanych kryteriów
Rozkład punktacji
Procent ludzi z każdym wynikiem
Percentyl według liczby udzielonych odpowiedzi
Twoja historia wyników
Nie rozwiązałeś tego quizu